000
00197nam a2200109Ia 4500
100
_a
JAGMO
942
_c
BK
245
_a
MY FROZEN TURBULANCE
260
_b
#N/A
546
_a
ENGLISH
999
_c
34848
_d
34848